000 00278cam a2200121ua 4500
082 _a823.308
_bLER/HE
100 _aLermontov, M.
_91746
245 _aHero of Our Time /
250 _a1 /
260 _aMoscow :
_bProgress Publishers ,
_c1965.
300 _a170 ; .
942 _cBK
999 _c6842
_d6842